| 000 | 01273nac a22003011u 4500 | ||
|---|---|---|---|
| 010 | _a 2006287145 | ||
| 020 | _a9780335219926 (pbk.) | ||
| 020 | _a0335219926 (pbk.) | ||
| 082 |
_a378.125 _bCOW |
||
| 090 |
_c8886 _d8886 |
||
| 100 | _aCowan, John, | ||
| 245 | 1 | 0 |
_aOn becoming an innovative university teacher : _breflection in action / _cJohn Cowan. |
| 250 | _a2nd ed. | ||
| 260 |
_aBuckingham ; _aNew York : _bSociety for Research into Higher education & Open University Press, _c2006. |
||
| 300 |
_axii, 228 p. : _bill. ; _c23 cm. |
||
| 500 | _aDistributer: Baccah. | ||
| 504 | _aIncludes bibliographical references (p. [206]-214) and index. | ||
| 511 | _aCatalogued By: Mahitab. | ||
| 650 | 0 | _aCollege teaching. | |
| 650 | 0 |
_aReflection (Philosophy) _xStudy and teaching (Higher) |
|
| 650 | 0 |
_aCollege teachers _xTraining of. |
|
| 650 | 0 | _aExperiential learning. | |
| 650 | 0 | _aEducational innovations. | |
| 710 | 2 | _aSociety for Research into Higher Education. | |
| 856 | 4 | 1 |
_3Table of contents only _uhttp://www.loc.gov/catdir/enhancements/fy0642/2006287145-t.html |
| 856 | 4 | 1 |
_3Contributor biographical information _uhttp://www.loc.gov/catdir/enhancements/fy0737/2006287145-b.html |
| 942 |
_cBB _k378.125COW |
||
| 999 |
_c8886 _d8886 |
||